On the wings of the swan / (Record no. 215624)

MARC details
000 -LEADER
fixed length control field 00817nam a22002177a 4500
005 - DATE AND TIME OF LATEST TRANSACTION
control field 20260318151323.0
010 ## - LCCN (DPL NO)
LC control number ENG-147933
020 ## - INTERNATIONAL STANDARD BOOK NUMBER
International Standard Book Number 9789394604967
Terms of availability 250.00
035 ## - SYSTEM CONTROL NUMBER
System control number EN-131465
082 ## - DEWEY DECIMAL CLASSIFICATION NUMBER
Classification number 187.43
Item number 1
100 ## - MAIN ENTRY--PERSONAL NAME
Personal name Saraswati Niranjanananda Saraswati
245 ## - TITLE STATEMENT
Title On the wings of the swan /
Statement of responsibility, etc Swami Niranjanananda Saraswati
Medium English
250 ## - EDITION STATEMENT
Edition statement 2024
260 ## - PUBLICATION, DISTRIBUTION, ETC. (IMPRINT)
Place of publication, distribution, etc BIhar
Date of publication, distribution, etc 1
270 ## - ADDRESS
Address Yoga Publication Trust, Ganga Darshan
City New Delhi
300 ## - PHYSICAL DESCRIPTION
Extent 170p.:
Other physical details col.ill.
Dimensions 22cm.(pbk)
700 ## - ADDED ENTRY--PERSONAL NAME
Personal name Saraswati Niranjanananda Saraswati
9 (RLIN) 88567
942 ## - ADDED ENTRY ELEMENTS (KOHA)
Source of classification or shelving scheme Dewey Decimal Classification
Item type Children Books
Classification part N
Call number suffix NIR
Call number prefix 187.43
Edition 2024
Holdings
Withdrawn status Lost status Not for loan Home library Current library Date acquired Source of acquisition Cost, normal purchase price Full call number Barcode Copy number Cost, replacement price Koha item type
      Sarojini Nagar Sarojini Nagar 18/03/2026 DBAD 250.00 187.43 EN-131465 1 250.00 Children Books

© Delhi Public Library
Hit Counter
free hit counter